Essentials of management for first-line supervision (Record no. 1015)

000 -LEADER
fixed length control field 01131nam a22003377a 4500
001 - CONTROL NUMBER
control field 2669103
003 - CONTROL NUMBER IDENTIFIER
control field OSt
005 - DATE AND TIME OF LATEST TRANSACTION
control field 20210426115253.0
008 - FIXED-LENGTH DATA ELEMENTS--GENERAL INFORMATION
fixed length control field 730921s1974 nyua b 001 0 eng
010 ## - LIBRARY OF CONGRESS CONTROL NUMBER
LC control number 73017037
020 ## - INTERNATIONAL STANDARD BOOK NUMBER
International Standard Book Number 0471230006
040 ## - CATALOGING SOURCE
Original cataloging agency DLC
Transcribing agency DLC
Modifying agency DLC
Language of cataloging eng
041 ## - LANGUAGE CODE
Language code of text/sound track or separate title eng
050 00 - LIBRARY OF CONGRESS CALL NUMBER
Classification number HF5549
Item number .E273
080 ## - UNIVERSAL DECIMAL CLASSIFICATION NUMBER
Universal Decimal Classification number 005
Item number E-20
082 00 - DEWEY DECIMAL CLASSIFICATION NUMBER
Classification number 658.3/02
100 1# - MAIN ENTRY--PERSONAL NAME
Personal name Eckles, Robert W.,
Dates associated with a name 1927-
245 10 - TITLE STATEMENT
Title Essentials of management for first-line supervision
Statement of responsibility, etc. [by] Robert W. Eckles, Ronald L. Carmichael, [and] Bernard R. Sarchet.
Remainder of title / by: John Wiley and Sons Inc
260 ## - PUBLICATION, DISTRIBUTION, ETC.
Place of publication, distribution, etc. New York,
Name of publisher, distributor, etc. John Wiley and Sons Inc
Date of publication, distribution, etc. 1974
300 ## - PHYSICAL DESCRIPTION
Extent xviii, 642 p.
Other physical details ill.
Dimensions 23 cm.
504 ## - BIBLIOGRAPHY, ETC. NOTE
Bibliography, etc. note Includes bibliographies.
650 #0 - SUBJECT ADDED ENTRY--TOPICAL TERM
Topical term or geographic name entry element Supervision of employees.
650 #0 - SUBJECT ADDED ENTRY--TOPICAL TERM
Topical term or geographic name entry element Management
9 (RLIN) 324
650 #0 - SUBJECT ADDED ENTRY--TOPICAL TERM
Topical term or geographic name entry element Industrial management.
653 ## - INDEX TERM--UNCONTROLLED
Uncontrolled term მართვა
653 ## - INDEX TERM--UNCONTROLLED
Uncontrolled term ინდუსტრიული მართვა
700 1# - ADDED ENTRY--PERSONAL NAME
Personal name Carmichael, Ronald Lad,
Relator term joint author.
700 1# - ADDED ENTRY--PERSONAL NAME
Personal name Sarchet, Bernard R.,
Dates associated with a name 1917-
Relator term joint author.
906 ## - LOCAL DATA ELEMENT F, LDF (RLIN)
a 7
b cbc
c orignew
d 1
e ocip
f 19
g y-gencatlg
942 ## - ADDED ENTRY ELEMENTS (KOHA)
Source of classification or shelving scheme
Koha item type Books
Holdings
Withdrawn status Lost status Source of classification or shelving scheme Damaged status Not for loan Permanent location Current location Date acquired Inventory number Total Checkouts Full call number Barcode Date last seen Price effective from Koha item type
          Ken Walker International University Ken Walker International University 01/28/2021 2508   005 E-20 2508 01/28/2021 01/28/2021 Books

Powered by Koha